000 00291nam a22001337a 4500
008 170414b xxu||||| |||| 00| 0 eng d
020 _a0801662443
041 _aeng
080 _a618
100 _a10
101 _aSHM
245 _aCOMPREHENSIVE GYNECOLOGY
_cHRBST.A.L
942 _2udc
_cBK
999 _c10838
_d10838